User participation in building design and management : (Record no. 549206)
[ view plain ]
| 000 -LEADER | |
|---|---|
| fixed length control field | 00614cam a2200157 a 4500 |
| 020 ## - INTERNATIONAL STANDARD BOOK NUMBER | |
| International Standard Book Number | 075062888 : |
| 082 00 - DEWEY DECIMAL CLASSIFICATION NUMBER | |
| Classification number | 721 |
| Author Mark | KER |
| -- | L-NUST, P-39 |
| 245 00 - TITLE STATEMENT | |
| Title | User participation in building design and management : |
| Remainder of title | a generic approach to building evaluation / |
| Statement of responsibility, etc. | by David Kernohan ... [et al.]. |
| 260 ## - PUBLICATION, DISTRIBUTION, ETC. | |
| Place of publication, distribution, etc. | Oxford, OX ; |
| -- | Boston : |
| Name of publisher, distributor, etc. | Butterworth Architecture, |
| Date of publication, distribution, etc. | 1992. |
| 300 ## - PHYSICAL DESCRIPTION | |
| Extent | xix, 157 p. : |
| Other physical details | ill., map ; |
| Dimensions | 24 cm. |
| 526 ## - STUDY PROGRAM INFORMATION NOTE | |
| Program name | 0 |
| Interest level | 0 |
| Reading level | 0 |
| Title point value | 721_000000000000000_KER |
| 650 #0 - SUBJECT ADDED ENTRY--TOPICAL TERM | |
| Topical term or geographic name entry element | Architectural design |
| General subdivision | Evaluation. |
| 9 (RLIN) | 32881 |
| 650 #0 - SUBJECT ADDED ENTRY--TOPICAL TERM | |
| Topical term or geographic name entry element | Buildings |
| General subdivision | Performance. |
| 9 (RLIN) | 32059 |
| 700 1# - ADDED ENTRY--PERSONAL NAME | |
| Personal name | Kernohan, David, |
| 9 (RLIN) | 45748 |
| 942 ## - ADDED ENTRY ELEMENTS (KOHA) | |
| Source of classification or shelving scheme | |
| Koha item type | Book |
| Withdrawn status | Lost status | Source of classification or shelving scheme | Damaged status | Not for loan | Permanent Location | Current Location | Date acquired | Total Checkouts | Full call number | Barcode | Date last seen | Price effective from | Koha item type |
|---|---|---|---|---|---|---|---|---|---|---|---|---|---|
| Military College of Engineering (MCE) | Military College of Engineering (MCE) | 09/18/2014 | 721 KER | MCE-44316 | 09/18/2014 | 09/18/2014 | Book |
